Aesthetics and the poetic image of Rabindernath Tagore / (Record no. 68390)

MARC details
000 -LEADER
fixed length control field 01924nam a22002897a 4500
005 - DATE AND TIME OF LATEST TRANSACTION
control field 20120711105143.0
010 ## - LCCN (DPL NO)
LC control number B-462389-393 B-465401
020 ## - INTERNATIONAL STANDARD BOOK NUMBER
International Standard Book Number 9788189886219
Terms of availability 750.00
035 ## - SYSTEM CONTROL NUMBER
System control number B-462389-393 B-465401
037 ## - SOURCE OF ACQUISITION
Stock number dpl
Source of stock number/acquisition K.K. Pub /Ven
037 ## - SOURCE OF ACQUISITION
Stock number Blue Berry/Ven
082 ## - DEWEY DECIMAL CLASSIFICATION NUMBER
Classification number 891.4414
100 ## - MAIN ENTRY--PERSONAL NAME
Personal name Datta, Asit Kumar
245 ## - TITLE STATEMENT
Title Aesthetics and the poetic image of Rabindernath Tagore /
Statement of responsibility, etc by Asit Kumar Datta
260 ## - PUBLICATION, DISTRIBUTION, ETC. (IMPRINT)
Place of publication, distribution, etc Delhi
Name of publisher, distributor, etc Abhijeet Pub
270 ## - ADDRESS
Address 2/46 Tukhmeerpur Extention
City Delhi
300 ## - PHYSICAL DESCRIPTION
Extent x,306p
Dimensions 22cm
942 ## - ADDED ENTRY ELEMENTS (KOHA)
Source of classification or shelving scheme Dewey Decimal Classification
Item type English Books
Classification part 891.4414
Call number suffix DAT
Holdings
Withdrawn status Lost status Not for loan Collection code Home library Current library Date acquired Source of acquisition Cost, normal purchase price Full call number Barcode Copy number Cost, replacement price Koha item type
      Non-fiction Bawana Bawana 13/07/2012 K.K.Pub/1708/26.12.2011/25/18.01.2012/15.02.2012 750.00 891.4414 DAT B-462392 1 750.00 English Books
      Non-fiction Central Library Central Library 13/07/2012 K.K.Pub/1708/26.12.2011/25/18.01.2012/15.02.2012 750.00 891.4414 DAT B-462389 1 750.00 English Books
      Non-fiction Patel Nagar Patel Nagar 13/07/2012 K.K.Pub/1708/26.12.2011/25/18.01.2012/15.02.2012 750.00 891.4414 DAT B-462390 1 750.00 English Books
      Non-fiction Sarojini Nagar Sarojini Nagar 13/07/2012 K.K.Pub/1708/26.12.2011/25/18.01.2012/15.02.2012 750.00 891.4414 DAT B-462391 1 750.00 English Books
      Non-fiction Shahdara Branch Shahdara Branch 13/07/2012 K.K.Pub/1708/26.12.2011/25/18.01.2012/15.02.2012 750.00 891.4414 DAT B-462393 1 750.00 English Books
  Written-off vide DLB M. No. 383 dt 16.05.19   Non-fiction Vinoba Puri Vinoba Puri 30/07/2012 Blue Berry/8195/30.11.2011/06/15.9.2011/22.3.2012 750.00 891.4414 DAT B-465401 1 750.00 English Books

© Delhi Public Library
Hit Counter
free hit counter